50 Biggest Places In Mississippi - Statistics

General Stats
  • This quiz has been taken 8 times
    7 since last reset
  • The average score is 40 of 50
Answer Stats
First Letter County(s) Population Answer % Correct
B Harrison 47,445 Biloxi
100%
C Lowndes 22,395 Columbus
100%
G Washington 26,411 Greenville
100%
G Leflore 12,758 Greenwood
100%
G Harrison 72,791 Gulfport
100%
H Forrest, and Lamar 48,199 Hattiesburg
100%
H DeSoto 18,893 Hernando
100%
H DeSoto 26,285 Horn Lake
100%
J Hinds 137,517 Jackson
100%
M Madison 28,140 Madison
100%
M Lauderdale 32,673 Meridian
100%
N Adams 13,599 Natchez
100%
O Jackson 19,375 Ocean Springs
100%
O Lafayette 28,011 Oxford
100%
P Rankin 28,773 Pearl
100%
R Madison 24,354 Ridgeland
100%
S DeSoto 58,189 Southaven
100%
S Oktibbhea 25,241 Starkville
100%
T Lee 37,511 Tupelo
100%
V Warren 19,343 Vicksburg
100%
Y Yazoo 9,407 Yazoo City
100%
B Rankin 26,086 Brandon
80%
B Lincoln 11,524 Brookhaven
80%
C Hinds 25,845 Clinton
80%
D Harrison 13,667 D'Iberville
80%
G Grenada 12,005 Grenada
80%
L Jones 16,865 Laurel
80%
M Pike 11,620 McComb
80%
O DeSoto 47,324 Olive Branch
80%
P Jackson 21,324 Pascagoula
80%
P Forrest 11,603 Petal
80%
B Hancock 11,229 Bay St. Louis
60%
B Hinds 12,396 Byram
60%
C Madison 10,626 Canton
60%
C Coahoma 13,237 Clarksdale
60%
C Bolivar 9,907 Cleveland
60%
C Alcorn 14,021 Corinth
60%
D Hancock 9,055 Diamondhead
60%
F Rankin 10,965 Flowood
60%
G Jackson 19,025 Gautier
60%
I Sunflower 8,611 Indianola
60%
L Harrison 17,114 Long Beach
60%
M Jackson 11,733 Moss Point
60%
N Union 7,758 New Albany
60%
P Pearl River 11,856 Picayune
60%
S Tate 8,238 Senatobia
60%
B Prentiss 9,069 Booneville
40%
G Jackson 9,023 Gulf Hills
40%
S Jackson 7,871 St. Martin
40%
W Clay 9,556 West Point
40%
No matching quizzes found
Score Distribution
Percent of People with Each Score
Percentile by Number Answered
Your Score History
You have not taken this quiz since the last reset